Pflanzenfamilienquiz (Fortgeschritten) - Statistiken

Allgemein
  • Dieses Quiz wurde 104 mal gespielt
  • Das Durchschnittsergebnis liegt bei 20 aus 55
Antwortstatistiken
Bildquiz Antwort % Korrekt
Papaveraceae
76%
Poaceae
76%
Asteraceae
67%
Brassicaceae
67%
Apiaceae
65%
Lamiaceae
65%
Ranunculaceae
65%
Rosaceae
65%
Asteraceae
59%
Asteraceae
57%
Lamiaceae
57%
Fabaceae
54%
Poaceae
54%
Apiaceae
52%
Liliaceae
52%
Brassicaceae
46%
Lamiaceae
46%
Brassicaceae
44%
Amaryllidaceae
43%
Asteraceae
43%
Fabaceae
41%
Boraginaceae
39%
Geraniaceae
39%
Plantaginaceae
39%
Boraginaceae
35%
Asparagaceae
33%
Caryophyllaceae
33%
Cyperaceae
33%
Geraniaceae
33%
Rosaceae
33%
Liliaceae
31%
Boraginaceae
30%
Caryophyllaceae
30%
Geraniaceae
30%
Rubiaceae
30%
Caryophyllaceae
28%
Rosaceae
28%
Apiaceae
24%
Juncaceae
24%
Amaryllidaceae
22%
Asparagaceae
19%
Plantaginaceae
19%
Ranunculaceae
19%
Fabaceae
17%
Asparagaceae
13%
Plantaginaceae
13%
Ranunculaceae
11%
Rubiaceae
11%
Orobanchaceae
9%
Papaveraceae
9%
Ranunculaceae
9%
Scrophulariaceae
9%
Papaveraceae
7%
Scrophulariaceae
7%
Orobanchaceae
6%
Keine übereinstimmenden Quizze gefunden
Verteilung der Resultate
Anzahl Personen mit jedem Resultat
Perzentil nach korrekt beantworteten Fragen
Ihre Resultats-Entwicklung
Sie haben dieses Quiz noch nicht gespielt